000
00267nam a2200109Ia 4500
008
200302s9999 xx 000 0 und d
100
_a
Michael Gage & Other
245
_a
Design in Blockwork
260
_b
The Architectural Press Ltd.
260
_c
1972
300
_a
131 P.,
999
_c
162
_d
162